000 00357 a2200109 4500
001 ART_60889
005 20260410162031.0
008 260409a
245 1 0 _aA falta de firma digital, buenas son las firmas electrónicas
100 1 _aRossi, Jorge O.
773 0 _tTemas de derecho procesal
_g- Año 8, N° 4/5 (abr./mayo 2024)
_wREV44095
999 _c33967
_d33967